Science Quiz

Random Science or Minefield Quiz

Periodic Table Minefield Quiz Stats

 Plays Quiz not verified by Sporcle

Score 0/118 Timer 15:00
0 Plays Today
% Correct
???
33%
???
31.4%
???
31.2%
???
30.4%
???
30.3%
???
30.3%
???
29.9%
???
29.7%
???
29.5%
???
29.4%
???
29.3%
???
29.2%
???
28.6%
???
28.6%
???
28.6%
???
28.5%
???
28.5%
???
28.4%
???
28.4%
???
28.3%
???
28.1%
???
28.1%
???
28.1%
???
28%
???
28%
???
27.9%
???
27.8%
???
27.6%
???
27.5%
???
27.4%
???
27.4%
???
27.2%
???
27.2%
???
27.1%
???
27.1%
???
27.1%
???
27%
???
27%
???
26.7%
???
26.6%
% Correct
???
26.6%
???
26.6%
???
26.6%
???
26.5%
???
26.2%
???
26.1%
???
26%
???
26%
???
25.9%
???
25.6%
???
25.6%
???
25.5%
???
25.3%
???
25.2%
???
25.1%
???
24.8%
???
24.8%
???
24.6%
???
24.6%
???
24.6%
???
24.5%
???
24.2%
???
24.2%
???
24.2%
???
24.1%
???
23.8%
???
23.7%
???
23.6%
???
23.6%
???
23.4%
???
23.4%
???
23.3%
???
23.3%
???
23.2%
???
22.6%
???
22.4%
???
22.3%
???
22.1%
???
21.7%
???
21.4%
% Correct
???
21.3%
???
21.2%
???
21.2%
???
20.9%
???
20.9%
???
20.7%
???
20.7%
???
20.4%
???
19.4%
???
19.4%
???
19.3%
???
19.1%
???
18.9%
???
18.9%
???
18.3%
???
18.1%
???
18.1%
???
18.1%
???
18%
???
18%
???
17.9%
???
17.5%
???
17.2%
???
16.9%
???
16.6%
???
16.2%
???
16.1%
???
15.5%
???
15.5%
???
15.2%
???
15%
???
15%
???
14.8%
???
14.8%
???
14.7%
???
13.8%
???
12.9%
???
12.3%

You're not logged in!

Compare scores with friends on all Sporcle quizzes.
OR
Log In

You Might Also Like...

Show Comments

Extras

Top Quizzes Today


Score Distribution

Your Account Isn't Verified!

In order to create a playlist on Sporcle, you need to verify the email address you used during registration. Go to your Sporcle Settings to finish the process.

Report this User

Report this user for behavior that violates our Community Guidelines.

Details: